| 000 | 00917nam a2200181 a 4500 | ||
|---|---|---|---|
| 008 | 120416s1995 ||||||||||||||||| || u | ||
| 020 | _a0521466547 | ||
| 050 | _aQA 404.7 Ran | ||
| 100 | _aRansford, Thomas | ||
| 245 | 1 | 0 | _aPotential theory in the complex plane |
| 260 |
_aCambridge: _bThe University Press _c1995 |
||
| 350 | _a0.00 | ||
| 650 | 0 | _aMATHEMATICS--HANDBOOKS, MANUALS, ETC | |
| 650 | _aFUNCTIONS OF COMPLEX VARIABLES | ||
| 995 |
_aANNEX COLLECTION (Main Library) _D0.00 _e728343 _FCBU-MAIN LIBRARY (Kitwe) _H3 _I24.15 _jQA 404.7 Ran _M2 _UAVAILABLE _y026250 _ZAnnex Low-Usage Collection |
||
| 995 |
_aMAIN LIBRARY OPEN ACCESS _D0.00 _e728342 _FCBU-MAIN LIBRARY (Kitwe) _H1 _I24.15 _jQA 404.7 Ran _M1 _UAVAILABLE _y025827 _ZMain Library Open Access Collection |
||
| 995 |
_aANNEX COLLECTION (Main Library) _D0.00 _e728344 _FCBU-MAIN LIBRARY (Kitwe) _H2 _I24.15 _jQA 404.7 Ran _M3 _UAVAILABLE _y026251 _ZAnnex Low-Usage Collection |
||
| 999 |
_c82078 _d82078 |
||